000
00254nam a2200097Ia 4500
008
240331s9999 xx 000 0 und d
082
_b
WOM
100
_a
Young, Kate
245
0
_a
Women and the informed sector :
_b
Bulletin, July 1981,Vol.12,nO.3
942
_c
L
999
_c
2664
_d
2664